[Event "300 Years"]
[Site "St Petersburg"]
[Date "2003.10.23"]
[Round "6"]
[White "Sambuev, Bator"]
[Black "Kornev, Alexei"]
[Result "1-0"]
[WhiteElo "2507"]
[BlackElo "2561"]
[PlyCount "71"]
[EventDate "2003.10.18"]
[Source "Roberto Alvarez"]
[SourceDate "2003.10.27"]

1. Nf3 d5 2. c4 d4 3. g3 g6 4. Bg2 Bg7 5. O-O Nf6 6. d3 c5 7. b4 cxb4 8. a3 b3 9. Nbd2 Nc6 10. Nxb3 O-O 11. a4 e5 12. Nfd2 Re8 13. a5 a6 14. Ba3 Qc7 15. Qc2 Bf5 16. Nc5 Nxa5 17. Rfb1 Rab8 18. Qa4 Bf8 19. Nce4 Bxe4 20. Nxe4 Nxe4 21. Bxe4 b5 22. cxb5 axb5 23. Rxb5 Rxb5 24. Qxb5 Rb8 25. Qa4 Nb3 26. Ra2 Bxa3 27. Qxa3 Nc1 28. Rb2 Rxb2 29. Qxb2 Kg7 30. Bd5 Qc3 31. Qb7 Nxe2+ 32. Kg2 Qc5 33. Qxf7+ Kh6 34. h4 Nc3 35. Be6 Ne2 36. Kf1 1-0

[Event "Danube Open"]
[Site "?"]
[Date "1998.12.30"]
[Round "6"]
[White "Teske Henrik"]
[Black "Hertneck Gerald"]
[Result "1/2-1/2"]
[WhiteElo "2510"]
[BlackElo "2555"]
[PlyCount "39"]
[EventDate "1998.??.??"]
[Source "www.chesslib.no"]
[SourceDate "2004.05.04"]

1. Nf3 d5 2. c4 d4 3. e3 Nc6 4. exd4 Nxd4 5. Nxd4 Qxd4 6. Nc3 c6 7. d3 g6 8. Be3 Qd8 9. Qd2 Bg7 10. d4 h5 11. h3 Nh6 12. Bd3 Nf5 13. Bxf5 Bxf5 14. O-O O-O 15. Rad1 Re8 16. d5 cxd5 17. cxd5 a6 18. Rfe1 Rc8 19. Bd4 e5 20. dxe6 1/2-1/2

[Event "London NWYM"]
[Site "London"]
[Date "1988.??.??"]
[Round "?"]
[White "Rogers, Ian"]
[Black "Hodgson, Julian M"]
[Result "1-0"]
[WhiteElo "2540"]
[BlackElo "2525"]
[PlyCount "119"]
[EventDate "1988.??.??"]
[Source "ChessBase"]

1. Nf3 d5 2. c4 d4 3. g3 Nc6 4. d3 e5 5. Bg2 Nf6 6. O-O a5 7. Na3 Bc5 8. Nc2 O-O 9. Bg5 h6 10. Bxf6 Qxf6 11. Nd2 Qe7 12. a3 Bg4 13. h3 Bh5 14. Ne4 a4 15. Nxc5 Qxc5 16. Qd2 Na5 17. g4 Nb3 18. Qb4 Bg6 19. Rad1 Qxb4 20. axb4 c6 21. f4 f6 22. f5 Bf7 23. Be4 Rac8 24. Na1 Ra8 25. Kf2 Ra6 26. Nc2 b5 27. c5 Rd8 28. h4 Bd5 29. Rg1 Kf7 30. Na3 Raa8 31. Rg3 Rd7 32. g5 hxg5 33. hxg5 Rh8 34. gxf6 gxf6 35. Bxd5+ Rxd5 36. Rdg1 Rh7 37. Rg8 e4 38. dxe4 Re5 39. Rc8 Rxe4 40. Rc7+ Re7 41. Rxc6 Rh2+ 42. Kg3 Rhxe2 43. Nxb5 R7e3+ 44. Kg4 d3 45. Rc7+ Ke8 46. c6 Re1 47. Rg2 R1e2 48. Rg1 Re1 49. Rxe1 Rxe1 50. Rd7 d2 51. Nc7+ Kf8 52. Ne6+ Ke8 53. Rd8+ Ke7 54. c7 Re4+ 55. Kh3 Rc4 56. Nc5 Rd4 57. c8=Q Rxd8 58. Qe6+ Kf8 59. Qxf6+ Ke8 60. Qh8+ 1-0

[Event "Bundesliga 9697"]
[Site "Germany"]
[Date "1996.??.??"]
[Round "?.2"]
[White "Kabatianski, Alexandr"]
[Black "Georgiev, Kiril"]
[Result "1/2-1/2"]
[WhiteElo "2440"]
[BlackElo "2620"]
[PlyCount "74"]
[EventDate "1996.10.??"]
[Source "ChessBase"]
[SourceDate "1999.07.01"]

1. Nf3 d5 2. c4 d4 3. b4 f6 4. d3 e5 5. Qb3 Na6 6. Ba3 c5 7. bxc5 Qa5+ 8. Nbd2 Bxc5 9. Bxc5 Nxc5 10. Qc2 Bg4 11. Rb1 Rc8 12. g3 Bxf3 13. exf3 Ne7 14. Be2 O-O 15. O-O Qa6 16. Qd1 Nc6 17. Ne4 Nd8 18. Nxc5 Rxc5 19. f4 exf4 20. Bf3 fxg3 21. hxg3 Qd6 22. Qa4 f5 23. Bd5+ Kh8 24. Rfe1 f4 25. Re8 Nc6 26. Rxf8+ Qxf8 27. Rxb7 fxg3 28. fxg3 Qd6 29. Kg2 Rxd5 30. cxd5 Qxd5+ 31. Kg1 h6 32. Rc7 Qf3 33. Qxc6 Qxg3+ 34. Kh1 Qh3+ 35. Kg1 Qg3+ 36. Kh1 Qh3+ 37. Kg1 Qg3+ 1/2-1/2

[Event "London WFW"]
[Site "London"]
[Date "1989.??.??"]
[Round "?"]
[White "Suba, Mihai"]
[Black "Hodgson, Julian M"]
[Result "1-0"]
[WhiteElo "2515"]
[BlackElo "2545"]
[PlyCount "63"]
[EventDate "1989.05.??"]
[Source "ChessBase"]

1. Nf3 d5 2. c4 d4 3. a3 g6 4. e3 Nc6 5. b4 Bg7 6. Bb2 e5 7. b5 Nce7 8. d3 dxe3 9. fxe3 Bg4 10. e4 Nh6 11. Nbd2 f5 12. Qb3 Nf7 13. c5 a6 14. a4 axb5 15. axb5 Rxa1+ 16. Bxa1 Qd7 17. Bc3 Nc8 18. b6 Ne7 19. h3 Bxf3 20. Nxf3 cxb6 21. cxb6 Nc6 22. Be2 O-O 23. O-O Kh8 24. Bb2 Bf6 25. Rc1 Ng5 26. Qd5 Qg7 27. Rc5 fxe4 28. dxe4 Nxf3+ 29. Bxf3 Bg5 30. Qb3 Nd4 31. Bxd4 exd4 32. Rxg5 1-0

[Event "Solin 6th"]
[Site "?"]
[Date "1998.??.??"]
[Round "1"]
[White "Anic Darko"]
[Black "Giorgadze Giorgi"]
[Result "0-1"]
[WhiteElo "2455"]
[BlackElo "2605"]
[PlyCount "50"]
[EventDate "1998.??.??"]
[Source "www.chesslib.no"]
[SourceDate "2004.05.04"]

1. Nf3 d5 2. c4 d4 3. e3 Nc6 4. Nxd4 Nxd4 5. exd4 Qxd4 6. Nc3 c6 7. d3 Nh6 8. Be3 Qd8 9. d4 Nf5 10. Be2 g6 11. O-O Bg7 12. d5 Nxe3 13. fxe3 O-O 14. Bf3 cxd5 15. Bxd5 e6 16. Bf3 Qc7 17. Qb3 Bd7 18. Rad1 Bc6 19. Nb5 Qb6 20. Rf2 Bxb5 21. cxb5 Bh6 22. Rd4 Rac8 23. Re2 Rc5 24. a4 Rd8 25. Qd3 Bxe3+ 0-1

[Event "KB Czech Open"]
[Site "Pardubice"]
[Date "2003.07.26"]
[Round "9"]
[White "Borovikov, Vladislav"]
[Black "Voloshin, Leonid"]
[Result "0-1"]
[WhiteElo "2590"]
[BlackElo "2468"]
[PlyCount "118"]
[EventDate "2003.07.18"]
[Source "Roberto Alvarez"]
[SourceDate "2003.07.21"]

1. Nf3 d5 2. c4 d4 3. g3 g6 4. d3 Bg7 5. Bg2 e5 6. O-O a5 7. Na3 Ne7 8. Nc2 O-O 9. Rb1 Nbc6 10. b3 Nb4 11. Rb2 Bd7 12. a3 Nxc2 13. Qxc2 Bc6 14. b4 axb4 15. axb4 b6 16. Ra2 e4 17. Rxa8 Qxa8 18. Ne1 exd3 19. exd3 Bxg2 20. Nxg2 Nc6 21. b5 Ne5 22. f4 Ng4 23. h3 Ne3 24. Nxe3 dxe3 25. Bxe3 Re8 26. Bc1 Bd4+ 27. Kh2 Re7 28. Bb2 Qe8 29. Bxd4 Re2+ 30. Rf2 Rxc2 31. Rxc2 Qd8 32. Ba1 Qxd3 33. Ra2 f5 34. Be5 Qxc4 35. Ra8+ Kf7 36. Ra7 Qxb5 37. Rxc7+ Ke6 38. Rc2 Qf1 39. h4 b5 40. Rd2 b4 41. Rd6+ Ke7 42. Rd2 b3 43. Rb2 Qd3 44. Kg2 Qe3 45. Kh2 Ke6 46. Rg2 Kd5 47. Bb2 Ke4 48. Be5 Kf3 49. Rb2 Qe1 50. Rg2 h6 51. Bg7 Qe7 52. Bb2 g5 53. hxg5 hxg5 54. Be5 g4 55. Rb2 Qb7 56. Bf6 Qh7+ 57. Bh4 Qf7 58. Rd2 Ke3 59. Rb2 Kd3 0-1

[Event "ch-GBR"]
[Site "Edinburgh"]
[Date "2003.07.24"]
[Round "10"]
[White "Rahman, Ziaur"]
[Black "Rowson, Jonathan"]
[Result "1/2-1/2"]
[WhiteElo "2521"]
[BlackElo "2536"]
[PlyCount "102"]
[EventDate "2003.07.14"]
[Source "Roberto Alvarez"]
[SourceDate "2003.07.28"]

1. Nf3 d5 2. c4 d4 3. g3 Nc6 4. d3 e5 5. a3 a5 6. Bg2 Nf6 7. O-O Be7 8. Bg5 Nd7 9. Bxe7 Qxe7 10. e3 O-O 11. exd4 exd4 12. Re1 Qf6 13. Nbd2 Nc5 14. Nb3 Ne6 15. Nfd2 a4 16. Ne4 Qe7 17. Nc1 f5 18. Nd2 Qf6 19. b4 axb3 20. Ncxb3 Kh8 21. f4 g5 22. fxg5 Qxg5 23. Bd5 Nf4 24. Nf3 Qg7 25. Qd2 Nxd5 26. cxd5 Ne7 27. d6 cxd6 28. Qf4 Ng6 29. Qxd6 f4 30. Rac1 Ra6 31. Qc7 fxg3 32. Qxg7+ Kxg7 33. Rc7+ Kh6 34. Nbxd4 Rxa3 35. Kg2 Bg4 36. Rf1 gxh2 37. Nxh2 Nf4+ 38. Kh1 Bh3 39. Rg1 Nxd3 40. Nhf3 Nf2+ 41. Kh2 Raxf3 42. Nxf3 Rxf3 43. Rg3 Rf4 44. Rb3 Bf5 45. Kg3 Nh3 46. Rb6+ Kg5 47. Rg7+ Kh5 48. Rbxb7 Kh6 49. Rgf7 Rf1 50. Rxf5 Rxf5 51. Kxh3 Kg6 1/2-1/2

[Event "GER-GRE"]
[Site "Fuerth"]
[Date "2002.09.04"]
[Round "5"]
[White "Bischoff, Klaus"]
[Black "Miladinovic, Igor"]
[Result "1-0"]
[WhiteElo "2554"]
[BlackElo "2503"]
[PlyCount "113"]
[EventDate "2002.08.31"]
[Source "ChessBase"]
[SourceDate "2002.11.12"]

1. Nf3 d5 2. c4 d4 3. g3 g6 4. d3 Bg7 5. Bg2 e5 6. O-O Ne7 7. b4 O-O 8. Nfd2 c6 9. a4 a5 10. bxa5 Qxa5 11. Ba3 Qc7 12. Nb3 f5 13. a5 Bf6 14. N1d2 Na6 15. f4 c5 16. fxe5 Bxe5 17. Nf3 Bg7 18. Bc1 Nc6 19. Bf4 Qe7 20. Qd2 Nd8 21. Rae1 Ne6 22. e3 Nxf4 23. gxf4 dxe3 24. Qxe3 Qxe3+ 25. Rxe3 Bf6 26. Ne5 Kg7 27. Rb1 Re8 28. Kf2 Nb4 29. Nxc5 Nc2 30. a6 Nxe3 31. axb7 Ng4+ 32. Nxg4 Bd4+ 33. Kg3 Rb8 34. bxc8=Q Rbxc8 35. Rb7+ Kh8 36. Nb3 Bg7 37. Nf2 Re2 38. Bf3 Re1 39. h4 Bf6 40. c5 Re3 41. Rd7 Bxh4+ 42. Kxh4 Rxf3 43. Nh3 h6 44. Nd2 g5+ 45. fxg5 hxg5+ 46. Nxg5 Rf4+ 47. Kh5 Rf2 48. Ndf3 Rxc5 49. Rd8+ Kg7 50. Ne6+ Kf6 51. Nxc5 Rxf3 52. Kh4 Re3 53. d4 Rc3 54. Rd6+ Ke7 55. Re6+ Kf7 56. Kg5 Rc4 57. Rd6 1-0

[Event "Bad Kissingen GER"]
[Site "Bad Kissingen GER"]
[Date "1981.??.??"]
[Round "?"]
[White "Lobron, Eric"]
[Black "Korchnoi, Viktor L"]
[Result "0-1"]
[WhiteElo "2405"]
[BlackElo "2650"]
[PlyCount "28"]
[EventDate "1981.??.??"]
[Source "www.chesslib.no"]
[SourceDate "2004.05.04"]

1. Nf3 d5 2. c4 d4 3. g3 Nc6 4. Bg2 e5 5. O-O g6 6. d3 Bg7 7. Nbd2 a5 8. Rb1 Nf6 9. b3 O-O 10. a3 Qe7 11. b4 axb4 12. axb4 Nxb4 13. Nxe5 Na2 14. Nef3 Nc3 0-1

[Event "RUS-Cup"]
[Site "?"]
[Date "1998.??.??"]
[Round "3"]
[White "Shariyazdanov Andrey"]
[Black "Tregubov Pavel V"]
[Result "0-1"]
[WhiteElo "2495"]
[BlackElo "2560"]
[PlyCount "72"]
[EventDate "1998.??.??"]
[Source "www.chesslib.no"]
[SourceDate "2004.05.04"]

1. Nf3 d5 2. c4 d4 3. g3 Nc6 4. Bg2 e5 5. d3 Bb4+ 6. Nbd2 a5 7. O-O Nf6 8. a3 Be7 9. b3 h6 10. Rb1 O-O 11. Ne1 Bf5 12. Nc2 Qd7 13. Re1 Rab8 14. b4 axb4 15. Nxb4 Nxb4 16. axb4 Rfc8 17. b5 Bc5 18. Qc2 Qe7 19. Nb3 e4 20. Nxc5 Qxc5 21. Bd2 Bg6 22. Bf4 e3 23. fxe3 Ng4 24. b6 Qh5 25. h4 Nxe3 26. Qb2 c5 27. Bf3 Qf5 28. Rf1 Bh5 29. Bxb8 Rxb8 30. Bxh5 Qh3 31. Bf3 Qxg3+ 32. Kh1 Qxh4+ 33. Kg1 Qg3+ 34. Kh1 Re8 35. Qc1 Qh3+ 36. Kg1 Re5 0-1

[Event "Zillertal Open"]
[Site "Zillertal"]
[Date "1993.??.??"]
[Round "?"]
[White "Dizdar, Goran"]
[Black "Hodgson, Julian M"]
[Result "1/2-1/2"]
[WhiteElo "2490"]
[BlackElo "2565"]
[PlyCount "41"]
[EventDate "1993.06.??"]
[Source "www.chesslib.no"]
[SourceDate "2004.05.04"]

1. Nf3 d5 2. c4 d4 3. g3 Nc6 4. Bg2 e5 5. O-O a5 6. d3 Nf6 7. e3 Be7 8. exd4 exd4 9. Na3 Nd7 10. Nc2 Nc5 11. b3 O-O 12. Ba3 Bg4 13. Re1 Bd6 14. h3 Bh5 15. Qd2 Qf6 16. Bxc5 Bxc5 17. Ng5 Bg6 18. Ne4 Bxe4 19. Bxe4 Nb4 20. Bxb7 Rae8 21. Bg2 1/2-1/2